[Event "GRE-ch South U12"]
[Site "Athens"]
[Date "2020.08.29"]
[Round "2"]
[White "Triantafyllakis, Dimitrios"]
[Black "Souchleris, Nikolaos"]
[Result "1/2-1/2"]
[WhiteElo "1311"]
[BlackElo "1178"]
[PlyCount "81"]
[EventDate "2020.08.28"]
[EventType "swiss"]
[EventRounds "9"]
[EventCountry "GRE"]
[SourceTitle "EXT 2023"]
[Source "ChessBase"]
[SourceDate "2022.10.05"]
[SourceVersion "1"]
[SourceVersionDate "2022.10.05"]
[SourceQuality "1"]

1. e4 c5 2. Nf3 d6 3. d4 cxd4 4. Nxd4 Nf6 5. f3 a6 6. c4 e6 7. Nc3 Nbd7 8. Be3 Be7 9. Be2 0-0 10. 0-0 Qc7 11. Qd2 Rd8 12. Rfd1 Ne5 13. b3 b6 14. Rac1 Bb7 15. Na4 Ned7 16. Qb4 a5 17. Qd2 Nc5 18. Nc3 Rd7 19. Qe1 d5 20. Ndb5 Qd8 21. exd5 exd5 22. Qf2 dxc4 23. Bxc4 Nd5 24. Nxd5 Bxd5 25. Bxd5 Rxd5 26. Rxd5 Qxd5 27. Nc7 Qb7 28. Nxa8 Nd3 29. Qc2 Nxc1 30. Nxb6 Nxa2 31. Qxa2 Bg5 32. Qd2 Qxb6 33. Bxb6 Bxd2 34. Kf2 g5 35. Ke2 Bb4 36. Kd3 h5 37. Kc4 f5 38. Kd5 Kf7 39. Ke5 Kg6 40. h3 g4 41. Bd8 1/2-1/2